[Event "Politiken Cup 33rd"]
[Site "Helsingor"]
[Date "2011.08.01"]
[Round "4"]
[White "Skovle, Lars"]
[Black "Frederiksen, Jens"]
[Result "1-0"]
[WhiteElo "1656"]
[BlackElo "1876"]
[PlyCount "111"]
[EventDate "2011.07.30"]
[EventType "swiss"]
[EventRounds "10"]
[EventCountry "DEN"]
[SourceTitle "CBM 143 Extra"]
[Source "ChessBase"]
[SourceDate "2011.08.29"]
[SourceVersion "1"]
[SourceVersionDate "2011.08.29"]
[SourceQuality "1"]

1. e4 e5 2. Nf3 Nc6 3. d4 exd4 4. Nxd4 Qf6 5. c3 Bc5 6. Be3 a6 7. g3 Nge7 8. Bg2 Ne5 9. 0-0 0-0 10. Qe2 d6 11. h3 Bxd4 12. cxd4 N5c6 13. Rd1 Ng6 14. Nc3 Qd8 15. Rac1 Nce7 16. f4 f5 17. Qc4+ Kh8 18. e5 b5 19. Qb3 c6 20. d5 c5 21. Bxc5 dxc5 22. d6 Qb6 23. Kh2 c4 24. Qc2 Nc6 25. Nd5 Qc5 26. b3 Be6 27. Nc7 Nb4 28. Nxe6 Qc8 29. Qd2 Qxe6 30. Qxb4 Rad8 31. bxc4 bxc4 32. Rxc4 Rb8 33. Qc3 Rfd8 34. Bd5 Qe8 35. Rc7 Rd7 36. Rc1 h5 37. Rc8 Rd8 38. Rxd8 Qxd8 39. Qc7 Qf8 40. Rc2 h4 41. d7 hxg3+ 42. Kxg3 Ne7 43. Bf3 g5 44. e6 gxf4+ 45. Qxf4 Qg8+ 46. Kf2 Rd8 47. Qd6 Qg5 48. Qd4+ Kh7 49. Re2 f4 50. Qe4+ Kh6 51. Kf1 Rb8 52. Rg2 Qf6 53. Kg1 a5 54. Kh2 Qh4 55. Qe5 a4 56. Qg7# 1-0

[Event "Fyn-ch"]
[Site "Odense"]
[Date "2010.02.18"]
[Round "4"]
[White "Frederiksen, Jens"]
[Black "Winther, Christian"]
[Result "1-0"]
[WhiteElo "1839"]
[BlackElo "1767"]
[PlyCount "53"]
[EventDate "2010.01.14"]
[EventType "swiss"]
[EventRounds "7"]
[EventCountry "DEN"]
[SourceTitle "EXT 2018"]
[Source "ChessBase"]
[SourceDate "2017.10.13"]
[SourceVersion "1"]
[SourceVersionDate "2017.10.13"]
[SourceQuality "1"]

1. d4 Nf6 2. Nf3 d5 3. g3 g6 4. Bg2 Bg7 5. c3 0-0 6. Nbd2 Ne4 7. 0-0 c5 8. Nxe4 dxe4 9. Ng5 cxd4 10. cxd4 f5 11. Qb3+ e6 12. Nxe6 Bxe6 13. Qxe6+ Kh8 14. e3 Re8 15. Qb3 Qd7 16. Bd2 Nc6 17. Bc3 Rab8 18. a4 a6 19. Rfc1 b5 20. axb5 axb5 21. Rd1 b4 22. Be1 Qb7 23. Bf1 Qb6 24. Ra6 Qb7 25. Rc1 Rec8 26. Qe6 Nd8 27. Qe8+ 1-0

[Event "Fyn-ch"]
[Site "Odense"]
[Date "2008.02.14"]
[Round "4"]
[White "Kristensen, Dan Wulff"]
[Black "Frederiksen, Jens"]
[Result "0-1"]
[WhiteElo "1428"]
[BlackElo "1431"]
[PlyCount "88"]
[EventDate "2008.01.10"]
[EventType "swiss"]
[EventRounds "7"]
[EventCountry "DEN"]
[SourceTitle "EXT 2018"]
[Source "ChessBase"]
[SourceDate "2017.10.13"]
[SourceVersion "1"]
[SourceVersionDate "2017.10.13"]
[SourceQuality "1"]

1. e4 c5 2. f4 Nc6 3. Nf3 g6 4. Bc4 Bg7 5. c3 Nf6 6. e5 Ng8 7. d3 d6 8. exd6 Qxd6 9. 0-0 e6 10. Qe1 Nge7 11. Nbd2 b6 12. Ne4 Qd8 13. Qg3 Nf5 14. Qf2 0-0 15. g4 Nfe7 16. Neg5 h6 17. Qh4 Nd5 18. f5 exf5 19. gxf5 Bxf5 20. Bd2 Nc7 21. Qg3 Qd7 22. Ne4 Na5 23. Ne5 Qc8 24. Nd6 Qb8 25. Rxf5 Nxc4 26. Nc6 Nxd6 27. Nxb8 Nxf5 28. Qxc7 Rfxb8 29. Rf1 Rc8 30. Qb7 Rcb8 31. Qg2 Kh7 32. Re1 Rd8 33. Qe4 Rab8 34. Bf4 Rbc8 35. Qb7 Rf8 36. Qxa7 Ra8 37. Qxb6 Rxa2 38. Be5 Re8 39. d4 cxd4 40. cxd4 Raa8 41. Kf1 Re6 42. Qc5 Rae8 43. Qc3 Nxd4 44. Bxd4 Bxd4 0-1

[Event "Charleroi op 5th"]
[Site "Charleroi"]
[Date "2006.07.30"]
[Round "2"]
[White "Hanley, James L"]
[Black "Frederiksen, Jens"]
[Result "1-0"]
[WhiteElo "2155"]
[BlackElo "1928"]
[PlyCount "75"]
[EventDate "2006.07.29"]
[EventType "swiss"]
[EventRounds "9"]
[EventCountry "BEL"]
[SourceTitle "CBM 113 Extra"]
[Source "ChessBase"]
[SourceDate "2006.09.14"]
[SourceVersion "1"]
[SourceVersionDate "2006.09.14"]
[SourceQuality "1"]

1. e4 e5 2. Nf3 Nc6 3. Bb5 a6 4. Ba4 d6 5. c3 b5 6. Bc2 Bg4 7. h3 Bxf3 8. Qxf3 Qf6 9. Qe2 g6 10. 0-0 Bh6 11. a4 b4 12. Bd3 bxc3 13. dxc3 Bxc1 14. Rxc1 Nb8 15. Nd2 Ne7 16. b4 0-0 17. a5 Qe6 18. Rcb1 Qc8 19. Nc4 Rd8 20. Ne3 c6 21. c4 c5 22. b5 Qc7 23. Qd2 Nd7 24. b6 Qb7 25. Bc2 Nf6 26. Nd5 Nfxd5 27. exd5 Rdb8 28. Ba4 Qc8 29. Qg5 Rb7 30. Qf6 Qd8 31. Ra3 Rc8 32. Rf3 Nf5 33. Rxf5 gxf5 34. Qxf5 Rcb8 35. Bc6 Re7 36. Qg5+ Kh8 37. Qf6+ Kg8 38. Rb3 1-0

[Event "Metz op 23rd"]
[Site "Metz"]
[Date "2005.??.??"]
[Round "7"]
[White "Carrillo, Jesus"]
[Black "Frederiksen, Jens"]
[Result "1/2-1/2"]
[WhiteElo "2139"]
[BlackElo "2003"]
[PlyCount "84"]
[EventDate "2005.04.16"]
[EventType "swiss"]
[EventRounds "9"]
[EventCountry "FRA"]
[SourceTitle "EXT 2007"]
[Source "ChessBase"]
[SourceDate "2006.11.23"]
[SourceVersion "1"]
[SourceVersionDate "2006.11.23"]
[SourceQuality "1"]

1. e4 e5 2. Bc4 Be7 3. Nf3 Nc6 4. d3 d6 5. c3 Nf6 6. 0-0 0-0 7. Bb3 h6 8. Nbd2 Bd7 9. Re1 Na5 10. Bc2 c5 11. Nf1 Bg4 12. h3 Bxf3 13. Qxf3 Nh7 14. Ng3 Bg5 15. Nf5 Qf6 16. Qg3 Bxc1 17. Raxc1 Kh8 18. Re3 g5 19. Rf3 Rad8 20. Qg4 Qg6 21. Ne7 Qg7 22. Qf5 Nc6 23. Nd5 Qg6 24. a3 Qxf5 25. Rxf5 f6 26. b4 Rf7 27. Rf3 Kg7 28. Bb3 Rfd7 29. Ba4 cxb4 30. axb4 Rf7 31. Bb3 Rfd7 32. Ne3 Rc7 33. Ra1 b6 34. Bd5 Ne7 35. b5 Nf8 36. d4 Nd7 37. Be6 Nf8 38. Bd5 Nd7 39. Bc6 Nb8 40. Bd5 Nd7 41. Be6 Nf8 42. Bd5 Nd7 1/2-1/2

[Event "Metz op 19th"]
[Site "Metz"]
[Date "2001.04.09"]
[Round "3"]
[White "Szylar, Eric"]
[Black "Frederiksen, Jens"]
[Result "1-0"]
[WhiteElo "2136"]
[BlackElo "2003"]
[PlyCount "59"]
[EventDate "2001.04.07"]
[EventType "swiss"]
[EventRounds "9"]
[EventCountry "FRA"]
[SourceTitle "CBM 081 Extra"]
[Source "ChessBase"]
[SourceDate "2001.05.06"]
[SourceVersion "1"]
[SourceVersionDate "2001.05.06"]
[SourceQuality "1"]

1. e4 e5 2. Nc3 c6 3. d4 exd4 4. Qxd4 d6 5. Bf4 Be6 6. 0-0-0 Nf6 7. Bxd6 Bxd6 8. Qxd6 Qxd6 9. Rxd6 Nbd7 10. Nge2 Ke7 11. Rd2 Nc5 12. f3 Rad8 13. Nd4 g6 14. Be2 Rd7 15. b4 Rhd8 16. Rhd1 Rxd4 17. Rxd4 Rxd4 18. Rxd4 Ncd7 19. Bc4 Ne5 20. Bxe6 fxe6 21. Ne2 Nh5 22. c4 b6 23. c5 Nf6 24. Rd6 Ne8 25. f4 Nd7 26. Rxc6 bxc5 27. bxc5 Nb8 28. Rc8 Na6 29. e5 Nec7 30. c6 1-0

[Event "Metz op 16th"]
[Site "Metz"]
[Date "1998.04.11"]
[Round "7"]
[White "Alet, Jean Pierre"]
[Black "Frederiksen, Jens"]
[Result "1-0"]
[WhiteElo "2210"]
[BlackElo "2015"]
[PlyCount "73"]
[EventDate "1998.04.06"]
[EventType "swiss"]
[EventRounds "9"]
[EventCountry "FRA"]
[SourceTitle "EXT 1999"]
[Source "ChessBase"]
[SourceDate "1998.11.16"]
[SourceVersion "1"]
[SourceVersionDate "1998.11.16"]
[SourceQuality "1"]

1. g3 g6 2. Bg2 Bg7 3. c4 c5 4. Nc3 Nc6 5. e3 Nf6 6. Nge2 d6 7. a3 a5 8. b3 Bd7 9. Bb2 0-0 10. 0-0 Rb8 11. Rc1 Na7 12. a4 Bc6 13. e4 Nxe4 14. d4 Nxc3 15. Bxc3 Bxg2 16. Kxg2 Nc6 17. d5 Nb4 18. Bxg7 Kxg7 19. Nf4 Qd7 20. Re1 Rbe8 21. Rc3 e5 22. dxe6 fxe6 23. Rce3 Qc6+ 24. Kg1 e5 25. Nh3 h6 26. Qe2 Rf7 27. f4 Qd7 28. Nf2 Qf5 29. fxe5 Rfe7 30. Ne4 Qxe5 31. Nxd6 Qxe3+ 32. Qxe3 Rxe3 33. Nxe8+ Rxe8 34. Rxe8 Nc6 35. Rc8 Nd4 36. Rxc5 Nxb3 37. Rb5 1-0